Countries of the World in the Exact Spelling - Statistics

General Stats
  • This quiz has been taken 17 times
  • The average score is 152 of 196
Answers on the Map
Answers color-coded by a green-red scale on the quiz's map according to % correct below.
 
Answer Stats
Country % Correct
Canada
92%
Ireland
92%
Albania
83%
Algeria
83%
Andorra
83%
Angola
83%
Argentina
83%
Australia
83%
Austria
83%
Bangladesh
83%
Belgium
83%
Belize
83%
Bolivia
83%
Brazil
83%
Bulgaria
83%
Cambodia
83%
Chad
83%
Chile
83%
China
83%
Colombia
83%
Costa Rica
83%
Croatia
83%
Cuba
83%
Cyprus
83%
Czech Republic
83%
Denmark
83%
Dominica
83%
Dominican Republic
83%
Ecuador
83%
Egypt
83%
Estonia
83%
Ethiopia
83%
Fiji
83%
Finland
83%
France
83%
Georgia
83%
Germany
83%
Ghana
83%
Greece
83%
Guatemala
83%
Guyana
83%
Haiti
83%
Honduras
83%
Iceland
83%
India
83%
Indonesia
83%
Iran
83%
Iraq
83%
Israel
83%
Italy
83%
Japan
83%
Jordan
83%
Kenya
83%
Kuwait
83%
Laos
83%
Latvia
83%
Lebanon
83%
Liberia
83%
Libya
83%
Lithuania
83%
Luxembourg
83%
Madagascar
83%
Malta
83%
Mexico
83%
Monaco
83%
Mongolia
83%
Morocco
83%
Mozambique
83%
Nepal
83%
Netherlands
83%
New Zealand
83%
Niger
83%
Nigeria
83%
North Korea
83%
Norway
83%
Oman
83%
Pakistan
83%
Panama
83%
Paraguay
83%
Peru
83%
Philippines
83%
Poland
83%
Portugal
83%
Qatar
83%
Romania
83%
Russia
83%
Rwanda
83%
Samoa
83%
Saudi Arabia
83%
Senegal
83%
Slovakia
83%
Slovenia
83%
Somalia
83%
South Africa
83%
South Korea
83%
Spain
83%
Sudan
83%
Suriname
83%
Sweden
83%
Switzerland
83%
Thailand
83%
Togo
83%
Ukraine
83%
United Kingdom
83%
United States
83%
Venezuela
83%
Vietnam
83%
Yemen
83%
Afghanistan
75%
Bahamas
75%
Bahrain
75%
Barbados
75%
Belarus
75%
Benin
75%
Bhutan
75%
Botswana
75%
Cameroon
75%
Central African Republic
75%
Djibouti
75%
East Timor
75%
El Salvador
75%
Eritrea
75%
Eswatini
75%
Gambia
75%
Guinea
75%
Hungary
75%
Ivory Coast
75%
Jamaica
75%
Kosovo
75%
Lesotho
75%
Liechtenstein
75%
Malaysia
75%
Mali
75%
Marshall Islands
75%
Montenegro
75%
Namibia
75%
Nauru
75%
Nicaragua
75%
North Macedonia
75%
San Marino
75%
Serbia
75%
Seychelles
75%
Singapore
75%
Solomon Islands
75%
South Sudan
75%
Sri Lanka
75%
Syria
75%
Taiwan
75%
Tajikistan
75%
Tanzania
75%
Trinidad and Tobago
75%
Tunisia
75%
Turkey
75%
Turkmenistan
75%
Uganda
75%
Uruguay
75%
Vanuatu
75%
Vatican City
75%
Zambia
75%
Zimbabwe
75%
Armenia
67%
Azerbaijan
67%
Bosnia and Herzegovina
67%
Burkina Faso
67%
Burundi
67%
Cape Verde
67%
Comoros
67%
Equatorial Guinea
67%
Gabon
67%
Grenada
67%
Guinea-Bissau
67%
Kazakhstan
67%
Malawi
67%
Maldives
67%
Mauritania
67%
Mauritius
67%
Moldova
67%
Palau
67%
Papua New Guinea
67%
Sierra Leone
67%
Tonga
67%
Tuvalu
67%
United Arab Emirates
67%
Antigua and Barbuda
58%
Brunei
58%
Democratic Republic of the Congo
58%
Kiribati
58%
Myanmar
58%
Saint Kitts and Nevis
58%
Saint Lucia
58%
Saint Vincent and the Grenadines
58%
São Tomé and Príncipe
58%
Uzbekistan
58%
Federated States of Micronesia
50%
Kyrgyzstan
50%
Republic of the Congo
50%
No matching quizzes found
Score Distribution
Percent of People with Each Score
Percentile by Number Answered
Your Score History
You have not taken this quiz